| 000 | 01743cam a2200529 i 4500 | ||
|---|---|---|---|
| 001 | 200454095 | ||
| 003 | TR-AnTOB | ||
| 005 | 20250721162240.0 | ||
| 006 | m|||| o||d 00| 0 | ||
| 007 | cr cn aaaau | ||
| 008 | 121130s2019 enk of 001 0 eng | ||
| 010 | _a 2012047994 | ||
| 020 | _a9780470656204 (pbk. : alk. paper) | ||
| 020 | _a9781119515692 (print) | ||
| 020 | _a9781119515777 | ||
| 020 | _a9781119515746 | ||
| 020 | _a9781118572641 (epub) | ||
| 020 | _a9781118572634 (epdf) | ||
| 020 | _a9781118572627 (emobi) | ||
| 020 | _a9781118572610 (obook) | ||
| 020 | _a9781119515746 | ||
| 040 |
_aDNLM _beng _erda _cDNLM _dTR-AnTOB |
||
| 041 | 0 | _aeng | |
| 042 | _apcc | ||
| 060 | 1 | 0 | _aWI 39 |
| 096 |
_aWI 39 _bI35 2019 EBK |
||
| 100 | 1 |
_aInadomi, John M. _eauthor _9143121 |
|
| 245 | 0 | 0 |
_aYamada's handbook of gastroenterology / _cAuthors: John M. Inadomi, Renuka Bhattacharya, Joo Ha Hwang, Cynthia Ko. |
| 246 | 1 | _aHandbook of gastroenterology | |
| 250 | _a4th Edition. | ||
| 264 | 1 |
_aChichester, West Sussex : _bWiley-Blackwell, _c2019. |
|
| 300 | _a1 online resource | ||
| 336 |
_atext _btxt _2rdacontent |
||
| 337 |
_acomputer _bc _2rdamedia |
||
| 338 |
_aonline resource _bcr _2rdacarrier |
||
| 500 | _aIncludes index. | ||
| 650 | 1 | 2 |
_aGastrointestinal Diseases _9143685 |
| 650 | 1 | 2 |
_aGastroenterology _9145693 |
| 655 | 0 |
_aElectronic books _92032 |
|
| 700 | 1 |
_aBhattacharya, Renuka _9143123 _eauthor |
|
| 700 | 1 |
_aHwang, Joo Ha _9143125 _eauthor |
|
| 700 | 1 |
_aKo, Cynthia W. _9143127 _eauthor |
|
| 730 | 0 | _aHandbook of gastroenterology. | |
| 856 |
_uhttps://onlinelibrary.wiley.com/doi/book/10.1002/9781119515777 _zOnline access link to the resource |
||
| 942 |
_2NLM _cEBK |
||
| 999 |
_c200454095 _d72307 |
||